| 000 | 00484nam a2200193Ia 4500 | ||
|---|---|---|---|
| 005 | 20240807110301.0 | ||
| 008 | 131103s9999 xx 000 0 und d | ||
| 040 | _aLoreto College | ||
| 041 | _aEnglish | ||
| 082 |
_a822N _bDAN |
||
| 100 | _aWaters, Richard D. | ||
| 245 |
_aDangerfield newby moves upton _cRichard D. Waters |
||
| 260 |
_aNew york _bFriendship _c1968 |
||
| 300 | _a48p. | ||
| 440 | _aa one act ply | ||
| 650 | _aEnglish drama | ||
| 850 | _aLCBED | ||
| 942 | _cBK | ||
| 999 |
_c29863 _d80342 |
||